[Event "41st GM"]
[Site "Dortmund GER"]
[Date "2013.07.26"]
[Round "1.1"]
[White "Khenkin, Igor"]
[Black "Leko, Peter"]
[Result "1/2-1/2"]
[WhiteTitle "GM"]
[BlackTitle "GM"]
[WhiteElo "2605"]
[BlackElo "2737"]
[WhiteFideId "4659600"]
[BlackFideId "703303"]
[EventDate "2013.07.26"]

1. d4 Nf6 2. c4 g6 3. Nc3 d5 4. cxd5 Nxd5 5. Bd2 Nb6 6. Nf3 Bg7 7. Qc1 Bg4 8.
Bh6 O-O 9. Bxg7 Kxg7 10. Qf4 Bxf3 11. gxf3 Qd6 12. Qxd6 cxd6 13. e3 Nc6 14. Rc1
d5 15. Be2 Rac8 16. f4 e6 17. b3 Kf6 18. Kd2 Ke7 19. Bf3 Rfd8 20. Ne2 Nb4 21. a3
Na6 22. Nc3 Nc7 23. Rc2 Ne8 24. h4 Nd6 25. h5 Nd7 26. hxg6 hxg6 27. Be2 Rh8 28.
Rxh8 Rxh8 29. Bd3 Nf6 30. Ke2 Rh1 31. Nb5 Nxb5 32. Bxb5 Kd8 33. Bd3 Ne8 34. Kd2
Nf6 35. Ke2 Ng4 36. Kf3 f5 37. Kg2 Ra1 38. a4 Nf6 39. Kf3 Kd7 40. Bb5+ Kd6 41.
Bd3 Rd1 42. Ke2 Rb1 43. Rc3 Rb2+ 44. Ke1 Ne4 45. Bxe4 fxe4 46. Kf1 b6 47. Kg2 a6
48. Rc8 Rxb3 49. Rg8 Ke7 50. Rxg6 a5 51. Rg7+ Kf6 52. Rb7 Rb4 53. Kg3 Rxa4 54.
Rxb6 Ra1 55. Ra6 a4 56. Ra7 a3 57. Kg2 Kg6 58. Re7 Kf6 59. Ra7 Kg6 60. Re7 Kf6 1/2-1/2

[Event "41st GM"]
[Site "Dortmund GER"]
[Date "2013.07.27"]
[Round "2.5"]
[White "Khenkin, Igor"]
[Black "Meier, Georg"]
[Result "1/2-1/2"]
[WhiteTitle "GM"]
[BlackTitle "GM"]
[WhiteElo "2605"]
[BlackElo "2610"]
[WhiteFideId "4659600"]
[BlackFideId "4675789"]
[EventDate "2013.07.26"]

1. d4 Nf6 2. Nf3 d5 3. c4 e6 4. Nc3 Be7 5. Bg5 h6 6. Bxf6 Bxf6 7. e3 O-O 8. Rc1
c6 9. Bd3 Nd7 10. cxd5 exd5 11. b4 a6 12. a4 Nb6 13. b5 a5 14. bxc6 bxc6 15. O-O
Bd7 16. Ne2 Qe7 17. Rc5 Rfb8 18. Qe1 Nxa4 19. Rxa5 Nb2 20. Rxa8 Rxa8 21. Qb1
Nxd3 22. Qxd3 Bg4 23. Qc2 Rc8 24. Rc1 Qe4 25. Ng3 Qxc2 26. Rxc2 g6 27. h3 Bxf3
28. gxf3 Be7 29. Ne2 Bd6 30. e4 Rc7 31. Kg2 f6 32. Nc3 Kf7 33. Rb2 dxe4 34. fxe4
h5 35. Rb6 Ke7 36. Ne2 g5 37. Ng3 Bxg3 38. Kxg3 Rd7 39. Rb4 Ra7 40. f3 Ra3 41.
Rb7+ Kd6 42. Rf7 Ke6 43. Rc7 Kd6 44. Rf7 Ke6 45. Rc7 1/2-1/2

[Event "41st GM"]
[Site "Dortmund GER"]
[Date "2013.07.28"]
[Round "3.1"]
[White "Meier, Georg"]
[Black "Leko, Peter"]
[Result "1/2-1/2"]
[WhiteTitle "GM"]
[BlackTitle "GM"]
[WhiteElo "2610"]
[BlackElo "2737"]
[WhiteFideId "4675789"]
[BlackFideId "703303"]
[EventDate "2013.07.26"]

1. d4 Nf6 2. c4 g6 3. Nc3 d5 4. Qb3 dxc4 5. Qxc4 Be6 6. Qb5+ Bd7 7. Qb3 c5 8.
dxc5 Bg7 9. e4 O-O 10. f3 Qc7 11. Be3 Nc6 12. Nge2 Rfd8 13. Nb5 Qc8 14. Ned4
Nxd4 15. Nxd4 Qxc5 16. Bc4 Be8 17. Nb5 Qe5 18. O-O a6 19. Nc3 b5 20. Be2 Bc6 21.
Rfd1 e6 22. Rxd8+ Rxd8 23. Rd1 Rxd1+ 24. Nxd1 Nd7 25. Qc2 Qd6 26. Nf2 f5 27.
exf5 gxf5 28. Nd3 Kf7 29. Kf1 Bb7 30. g3 Qc6 31. Qd2 Ne5 32. Nxe5+ Bxe5 33. Bf4
Bf6 34. Bg5 Qd5 35. Qf4 Bxg5 36. Qxg5 Qxa2 37. Qh5+ Kg7 38. Qg5+ Kf7 39. Qh5+
Kg7 40. Qg5+ Kf7 41. Qh5+ Kg7 1/2-1/2

[Event "41st GM"]
[Site "Dortmund GER"]
[Date "2013.07.30"]
[Round "5.5"]
[White "Fridman, Daniel"]
[Black "Meier, Georg"]
[Result "1/2-1/2"]
[WhiteTitle "GM"]
[BlackTitle "GM"]
[WhiteElo "2629"]
[BlackElo "2610"]
[WhiteFideId "11600454"]
[BlackFideId "4675789"]
[EventDate "2013.07.26"]

1. c4 c5 2. Nf3 Nf6 3. Nc3 Nc6 4. g3 d5 5. d4 e6 6. cxd5 Nxd5 7. Bg2 cxd4 8.
Nxd4 Nxc3 9. bxc3 Nxd4 10. Qxd4 Qxd4 11. cxd4 Bb4+ 12. Bd2 Bxd2+ 13. Kxd2 Ke7
14. Rhc1 Rd8 15. Rc7+ Rd7 16. Rac1 Kd8 17. Rxd7+ Kxd7 18. Rc5 Rb8 19. Ra5 a6 20.
Rh5 h6 21. g4 Kd6 22. g5 hxg5 23. Rh7 Bd7 24. Rxg7 f6 25. e4 Bc6 26. Rf7 Rh8 27.
Rxf6 Rxh2 28. e5+ Ke7 29. Bxc6 bxc6 30. Kc3 a5 31. Kc4 Rh1 32. Rg6 Rc1+ 33. Kb3
Rf1 34. Rxg5 Rxf2 35. Rg7+ Kd8 36. a3 Rd2 37. Kc3 Ra2 38. Ra7 Rxa3+ 39. Kc4 Kc8
40. Kc5 Rc3+ 41. Kd6 Rc4 42. Rxa5 Rxd4+ 43. Kxe6 Kc7 44. Kf5 Rd1 45. Ra7+ Kb6
46. Ra4 Rf1+ 47. Rf4 Rxf4+ 48. Kxf4 Kc7 49. Ke4 Kd7 50. Kd4 Ke6 51. Kc5 Kxe5 52.
Kxc6 1/2-1/2

[Event "41st GM"]
[Site "Dortmund GER"]
[Date "2013.08.02"]
[Round "7.1"]
[White "Fridman, Daniel"]
[Black "Leko, Peter"]
[Result "1/2-1/2"]
[WhiteTitle "GM"]
[BlackTitle "GM"]
[WhiteElo "2629"]
[BlackElo "2737"]
[WhiteFideId "11600454"]
[BlackFideId "703303"]
[EventDate "2013.07.26"]

1. d4 Nf6 2. c4 e6 3. Nc3 Bb4 4. Qc2 O-O 5. Nf3 d5 6. cxd5 exd5 7. Bg5 h6 8.
Bxf6 Qxf6 9. e3 c6 10. Ne5 Nd7 11. Nxd7 Bxd7 12. Be2 Bd6 13. Bd3 g6 14. O-O Rfe8
15. Rad1 Rad8 16. Rfe1 Bg4 17. f3 Bc8 18. Qf2 Bc7 19. Kh1 Re7 20. Bc2 Rde8 21.
a3 h5 22. e4 dxe4 23. Rxe4 Kg7 24. d5 Rxe4 25. Bxe4 Bb6 26. Qc2 h4 27. dxc6 bxc6
28. Na4 Bc7 29. Qc3 Be5 30. Qe3 Re6 31. Qxa7 h3 32. gxh3 Re8 33. Rg1 Re7 34. Qc5
Bxh3 35. Nc3 Rd7 36. Ne2 Bxb2 37. Ng3 Kg8 38. Qxc6 Qxc6 39. Bxc6 Rc7 40. Bd5
Bxa3 41. Ne4 Kg7 42. Bxf7 Rxf7 43. Ng5 Bf5 44. Nxf7 Kxf7 45. Kg2 Bd6 46. Ra1 Kg7
47. Ra6 Be5 48. Ra5 Bf6 49. Ra6 Bg5 50. Ra8 Be7 51. Ra7 Kf6 52. Rb7 Bc5 53. Rb5
Be3 54. Rb3 Bh6 55. h4 Be6 56. Rb6 Bd2 57. h5 gxh5 58. f4 Kf5 59. Rxe6 Kxe6 60.
f5+ 1/2-1/2